| 000 | 00487nam a22001697a 4500 | ||
|---|---|---|---|
| 999 |
_c523819 _d523819 |
||
| 003 | NUST | ||
| 038 | _awaseem | ||
| 082 |
_a891.43072 _bKHA |
||
| 100 |
_aKhan, Rasheed Hasan _914588 |
||
| 245 |
_aAdabi Taqeeq Mashall aur Tajzia / _cRasheed Hasan Khan |
||
| 260 |
_aLahore : _bAl-Faisal, _c1989. |
||
| 300 | _a350 p. ; | ||
| 500 | _aHardcover. | ||
| 880 |
_6100-02\r _aرشید حسن خان |
||
| 880 |
_6245-02\r _aادبی تحقیق مسائل اور تجزیہ / |
||
| 942 |
_2ddc _cBK |
||